Statistiques concernant Les meilleurs buteurs de l'histoire de l'AS Saint-Étienne

Cliquez ici pour prendre le quiz!

Statistiques générales

  • Ce quiz a été pris 55 fois
  • Le résultat moyen est 4 sur 10

Statistiques - réponses

ButsNationalitéJoueur% Correct
142MaliSalif Keita
75%
219FranceHervé Revelli
68%
87FrancePatrick Revelli
68%
83FranceMichel Platini
59%
105FranceJean-Michel Larqué
34%
138France / AlgerieRachid Mekhloufi
27%
71FranceGeorges Bereta
16%
84FranceRobert Herbin
9%
91CamerounEugène Njo-Léa
7%
63FranceJacques Foix
0%

Distribution des résultats

Percentile par nombre de réponses

% des personnes avec chaque résultat

Votre développement - résultats

Vous n’avez pas pris ce quiz